West Wing Quotes Quiz Stats

Quiz not verified by Sporcle

Also try: Sherlock Surnames
Challenge
Share
Tweet
Embed
Score 0/20 Timer 06:00
0 Plays Today
Quote Character(s) % Correct
I had woot canal!CJ Cregg
94.3%
Andrew Jackson, in the main foyer of his White House had a big block of cheeseLeo McGarry
93.3%
You're gonna let him loose in the White House, where there's liquor and women?Leo McGarry
91.7%
Victory is mine, victory is mine. Great day in the morning, people, victory is mine.Josh Lyman
91.6%
There's literally no one in the world that I don't hate right nowToby Ziegler
89.9%
It's a goldfish.Danny Concannon
89.4%
We should organize a staff field-trip to Shenandoah. I could even act as the guide. What do you think?President Bartlet
88.7%
The theme of the Egg Hunt is 'learning is delightful and delicious' - as, by the way, am I.CJ Cregg
87.1%
You accidentally slept with a prostitute. Call girl. Accidentally. Yes. I don't understand. Did you trip over something?(Both first names)Toby and Sam
86.9%
So, tell me what the problem is, Toby. I'm Sam, sir. Sam, of course you are. (Sam and ....)President Bartlet
86.9%
Quote Character(s) % Correct
Is it possible I'm taking something called 'euthanasia'? President Bartlet
84.4%
I'm a Fulbright scholar, Mrs. Landingham. I don't leer.Josh Lyman
82.9%
Where are you going? Where are you going? I was following you. I was following you. All right, don't tell anyone this happened, okay? (Both first names)Sam and Josh
82.7%
You crazy lunatic, you think I'm not going to recognize Steffi Graf when she's serving a tennis ball at me?Toby Ziegler
82.4%
Have a cookie SamDolores Landingham
78.1%
I believe I would eat this book before I read it.Josh Lyman
74.7%
I tell you what, let's forget the fact that you're coming a little late to the party and embrace the fact that you showed up at all.Sam Seaborn
74.2%
Don’t go for the geniuses. They never want to sleep.Abbey Bartlet
66.9%
I’ve been doing some reading on my own.Donna Moss
62.4%
Have you ever tried to overthrow the government? No, sir. What the hell's been stopping you? (Both first names)Sam and Charlie
58.3%

You're not logged in!

Compare scores with friends on all Sporcle quizzes.
Sign Up with Email
OR
Log In

You Might Also Like...

Show Comments

Extras

Top Quizzes Today


Score Distribution

Your Account Isn't Verified!

In order to create a playlist on Sporcle, you need to verify the email address you used during registration. Go to your Sporcle Settings to finish the process.